01037nem a2200205 u 450000500170000000800410001704000250005804100080008304400070009111000540009824500900015226000390024230000350028150003050031665000440062165000480066565000530071365000570076671000080082320160523091200.0160523b1995 -ck||||| |b|| 00| 0 spa d aCO-BoIAVHcCO-BoIAVH aspa ack2 aBanco internacional de Reconstrucción y Fomento1 aEco-regiones de America Latina y el Caribe :cBanco Mundial.h[Material Cartografico] aBogotá :bBanco Mundial ;c1995. a1 mapa :bcolor ;c91 x 61 cm. aEste mapa se desarrollo para la siguiente publicación. Dinerstein E., D.M. Olson, D.J. Graham, A.L. Webster, S.A Primm, M.P. Bookbinder, y G. Lecdec. 1995. Una Evaluación del estado de conservación de las eco-regiones terrestres de América latina y el Caribe. Banco Mundial. Washington, D.C.16aBosqueszMexicozAmerica centalzCaribe16aPastizales zMexicozAmerica centalzCaribe16aBosques HumedoszCaribezAmerica centalz Mexico16aBosques Tropicales.zCaribezAmerica centalz Mexico2 aWWF